000 00319nam a22001337a 4500
008 170817b xxu||||| |||| 00| 0 eng d
020 _a9780395938966
041 _aeng
080 _26TH
_a51
100 _a36
101 _aMAT
245 _aEXPANDED STUDY AND SOLUTIONS GUIDE FOR CALCULUS
_cHEYD,D.E
942 _2udc
_cBK
999 _c23827
_d23827